[Event "XVII Weekend A"]
[Site "Porto Sant'Elpidio ITA"]
[Date "2014.11.29"]
[Round "4"]
[White "Rinaudo, Sergio"]
[Black "Rinaudo, Andrea"]
[WhiteElo "2074"]
[BlackElo "2058"]
[Result "1-0"]
[PlyCount "115"]
[EventDate "2014.11.22"]

1. d4 d5 2. Nf3 Nf6 3. c4 e6 4. g3 dxc4 5. Bg2 c5 6. Qa4+ Nc6 7. dxc5 Qa5+ 8.
Nc3 Qxa4 9. Nxa4 Bd7 10. Bd2 Ne4 11. Rc1 Nxc5 12. Nxc5 Bxc5 13. Rxc4 Bd6 14.
O-O O-O 15. Rd1 Bc7 16. Bb4 Rfd8 17. Be7 Nxe7 18. Rxc7 Nd5 19. Rxb7 Bc6 20.
Rxf7 Kxf7 21. Ne5+ Kf6 22. Nxc6 Rd6 23. Na5 Rb8 24. a3 Ke7 25. b4 Nc3 26. Re1
Rc8 27. Bf3 e5 28. e4 Rd3 29. Kg2 Na2 30. Be2 Rd2 31. Nc4 Rxe2 32. Rxe2 Nc3 33.
Rc2 Rxc4 34. h3 Kd6 35. f4 Nd1 36. Re2 Rc2 37. Kf3 Rxe2 38. Kxe2 Nc3+ 39. Kd3
Nb5 40. a4 Nc7 41. f5 Ne8 42. g4 Nf6 43. g5 Nh5 44. h4 Ng3 45. Ke3 Nh5 46. Kf3
Nf4 47. b5 Nd3 48. h5 Nc5 49. a5 Nd7 50. Kg4 Ke7 51. b6 axb6 52. a6 b5 53. Kf3
Kd6 54. a7 Nb6 55. Ke3 Kc7 56. h6 gxh6 57. g6 hxg6 58. fxg6 1-0

[Event "XVII Weekend A"]
[Site "Porto Sant'Elpidio ITA"]
[Date "2014.11.29"]
[Round "4"]
[White "Santinelli, Michele"]
[Black "Bakiji, Sefer"]
[WhiteElo "1837"]
[BlackElo "1710"]
[Result "0-1"]
[PlyCount "110"]
[EventDate "2014.11.22"]

1. d4 d5 2. Bg5 Nd7 3. Nf3 Ngf6 4. Nbd2 e6 5. e3 Be7 6. Bd3 c5 7. c3 a6 8. a4
b6 9. Qe2 c4 10. Bc2 Bb7 11. O-O b5 12. h3 h6 13. Bf4 g5 14. Bh2 Rg8 15. Ne5
Nf8 16. e4 Ng6 17. Nxg6 fxg6 18. e5 Nh7 19. Qg4 Kd7 20. f4 h5 21. Qe2 Qe8 22.
axb5 axb5 23. b3 Rxa1 24. Rxa1 Qc8 25. bxc4 bxc4 26. Ra7 Bd8 27. f5 gxf5 28.
Qxh5 Rg7 29. Ba4+ Kc7 30. Ra5 Be7 31. Bc2 Qg8 32. Qe2 g4 33. hxg4 Rxg4 34. Rb5
Ba6 35. Rb2 Ng5 36. Bxf5 exf5 37. e6+ Kc6 38. Rb8 Qxe6 39. Be5 Bd6 40. Ra8 Kb7
41. Rh8 Bxe5 42. dxe5 Ne4 43. Nxe4 Rxe4 44. Qb2+ Kc6 45. Rb8 Kc7 46. Rh8 Qb6+
47. Qxb6+ Kxb6 48. Rh6+ Kb5 49. e6 Bc8 50. Kf2 Rxe6 51. Rh8 Bb7 52. Rf8 Re5 53.
Rf7 Bc6 54. Rf8 Kc5 55. Rd8 f4 0-1

[Event "XVII Weekend A"]
[Site "Porto Sant'Elpidio ITA"]
[Date "2014.11.29"]
[Round "4"]
[White "Viviani, Alessio"]
[Black "Di Donatantonio, Franco"]
[WhiteElo "2132"]
[BlackElo "2115"]
[Result "1-0"]
[PlyCount "45"]
[EventDate "2014.11.22"]

1. d4 d6 2. Nf3 Nd7 3. Bf4 c5 4. e3 cxd4 5. exd4 Ngf6 6. Nbd2 e6 7. Bd3 Be7 8.
O-O O-O 9. h3 Nd5 10. Bg3 Nb4 11. Be2 Nf6 12. c4 b6 13. a3 Nc6 14. b4 a6 15. d5
exd5 16. cxd5 Nb8 17. Nc4 Ne4 18. Bh2 Nd7 19. Bd3 Nc3 20. Qd2 Bf6 21. Rac1 b5
22. Nxd6 Nxd5 23. Be4 1-0

[Event "XVII Weekend A"]
[Site "Porto Sant'Elpidio ITA"]
[Date "2014.11.30"]
[Round "5"]
[White "Beccarini, Giacomo"]
[Black "Vannicola, Roberto"]
[WhiteElo "1516"]
[BlackElo "1560"]
[Result "1/2-1/2"]
[PlyCount "33"]
[EventDate "2014.11.22"]

1. e4 c6 2. d4 d5 3. exd5 cxd5 4. c4 Nf6 5. Nf3 Bg4 6. Qb3 Bxf3 7. Qxb7 dxc4 8.
Qxf3 Nbd7 9. Bxc4 e6 10. O-O Be7 11. Be3 O-O 12. Nd2 Nb6 13. Rac1 Nfd5 14. Bxd5
Nxd5 15. Ne4 Qb6 16. Qe2 Rab8 17. Rb1 1/2-1/2

[Event "XVII Weekend A"]
[Site "Porto Sant'Elpidio ITA"]
[Date "2014.11.30"]
[Round "5"]
[White "Di Donatantonio, Franco"]
[Black "Ricci, Alessio"]
[WhiteElo "2115"]
[BlackElo "1893"]
[Result "1-0"]
[PlyCount "69"]
[EventDate "2014.11.22"]

1. d3 d5 2. Nd2 Nf6 3. e4 e5 4. Ngf3 Nc6 5. Be2 Be7 6. O-O O-O 7. c3 h6 8. b4
a6 9. a3 Be6 10. Qc2 Re8 11. Re1 Bd6 12. Nf1 Qd7 13. Ng3 Ne7 14. exd5 Bxd5 15.
Ne4 Nxe4 16. dxe4 Be6 17. Be3 Ng6 18. c4 c6 19. Rad1 Qe7 20. c5 Bc7 21. h3 Rad8
22. a4 Qf6 23. b5 axb5 24. axb5 Rxd1 25. Rxd1 Nf4 26. Bxf4 Qxf4 27. bxc6 bxc6
28. Qa4 Rc8 29. Qxc6 Bb8 30. Qb6 Qxe4 31. Rd8+ Kh7 32. Bd3 Qxd3 33. Rxd3 e4 34.
Rd8 Bc7 35. Qxe6 1-0

[Event "XVII Weekend A"]
[Site "Porto Sant'Elpidio ITA"]
[Date "2014.11.30"]
[Round "5"]
[White "Doric, Senad"]
[Black "Marchetti, Michael"]
[WhiteElo "1794"]
[BlackElo "1653"]
[Result "1-0"]
[PlyCount "49"]
[EventDate "2014.11.22"]

1. d4 Nf6 2. c4 c6 3. Nc3 d5 4. e3 Bf5 5. Nf3 e6 6. Qb3 Qc7 7. Nh4 Bg6 8. Nxg6
hxg6 9. Be2 Bd6 10. f4 Nh5 11. O-O g5 12. Bxh5 Rxh5 13. Qd1 Rh7 14. cxd5 exd5
15. e4 Bxf4 16. Bxf4 gxf4 17. exd5 f3 18. g3 Qb6 19. Na4 Qb5 20. Qxf3 Qxd5 21.
Rae1+ Kf8 22. Qa3+ c5 23. Nxc5 Qxd4+ 24. Rf2 Qd6 25. Nd7+ 1-0

[Event "XVII Weekend A"]
[Site "Porto Sant'Elpidio ITA"]
[Date "2014.11.30"]
[Round "5"]
[White "Foglia, Maurizio"]
[Black "Ferri, Stefano"]
[WhiteElo "2071"]
[BlackElo "2190"]
[Result "0-1"]
[PlyCount "160"]
[EventDate "2014.11.22"]

1. c4 d6 2. g3 e5 3. Bg2 Nc6 4. Nc3 f5 5. d3 Nf6 6. Nf3 Be7 7. Nd5 O-O 8. Nxe7+
Qxe7 9. O-O Kh8 10. e3 e4 11. Ne1 Ne5 12. b3 Bd7 13. Bb2 Bc6 14. d4 Neg4 15. h3
Nh6 16. d5 Be8 17. Nc2 c5 18. dxc6 bxc6 19. Nd4 Bh5 20. Qd2 c5 21. Nb5 Rfd8 22.
Bxf6 Qxf6 23. Nc7 Rac8 24. Nd5 Qe5 25. Nf4 Bf7 26. h4 Ng4 27. Rac1 Rd7 28. Bh3
Nf6 29. Rfd1 Rcd8 30. Qc2 h6 31. Qc3 g6 32. Bf1 g5 33. hxg5 hxg5 34. Nh3 Nh7
35. Be2 Be6 36. Kg2 Kg7 37. Qxe5+ dxe5 38. Rxd7+ Rxd7 39. Rd1 Kf6 40. Rxd7 Bxd7
41. g4 f4 42. Bd1 f3+ 43. Kg3 Kg6 44. Bc2 Nf6 45. Ng1 Kh6 46. Bb1 a5 47. Bc2
Bc6 48. Nh3 Ne8 49. Ng1 Nd6 50. a4 Ne8 51. Nh3 Nf6 52. Ng1 Bd7 53. Bb1 Kg7 54.
Nh3 Kg6 55. Ng1 Kh6 56. Bc2 Bc6 57. Nh3 Nh7 58. Ng1 Kg7 59. Bb1 Nf8 60. Nh3 Kf6
61. Ng1 Ng6 62. Nh3 Nh4 63. Ng1 Ng2 64. Nh3 Ne1 65. Ng1 Bb7 66. Kh2 Nd3 67.
Nxf3 Nxf2 68. Nd2 Nxg4+ 69. Kg3 Nxe3 70. Bxe4 Nf1+ 71. Nxf1 Bxe4 72. Ne3 Bc6
73. Kg4 e4 74. Kh5 Be8+ 75. Kg4 Bd7+ 76. Kg3 Be6 77. Kf2 Ke5 78. Ke2 g4 79. Nc2
g3 80. Ke3 Bg4 0-1

[Event "XVII Weekend A"]
[Site "Porto Sant'Elpidio ITA"]
[Date "2014.11.30"]
[Round "5"]
[White "Medorini, Massimiliano"]
[Black "Pizzicotti, Virginia"]
[WhiteElo "1890"]
[BlackElo "1700"]
[Result "1-0"]
[PlyCount "35"]
[EventDate "2014.11.22"]

1. e4 c5 2. Nf3 a6 3. d4 cxd4 4. Nxd4 Nc6 5. Nc3 e6 6. Nxc6 bxc6 7. Bd3 d5 8.
exd5 cxd5 9. O-O Bd6 10. Re1 Bb7 11. Qg4 g6 12. Bg5 h5 13. Rxe6+ Kf8 14. Qh4
Qc7 15. Re2 Ne7 16. Rae1 Nf5 17. Bxf5 gxf5 18. Qd4 1-0

[Event "XVII Weekend A"]
[Site "Porto Sant'Elpidio ITA"]
[Date "2014.11.30"]
[Round "5"]
[White "Nasini, Rodolfo"]
[Black "De Viti, Dario"]
[WhiteElo "1348"]
[BlackElo "1348"]
[Result "1/2-1/2"]
[PlyCount "61"]
[EventDate "2014.11.22"]

1. e4 e5 2. Nf3 Nc6 3. Bb5 d6 4. O-O Nf6 5. Re1 Bd7 6. c3 g6 7. h3 Bg7 8. d4
exd4 9. cxd4 O-O 10. Nc3 a6 11. Ba4 b5 12. Bc2 Re8 13. e5 dxe5 14. dxe5 Nh5 15.
g4 Nxe5 16. Nxe5 Rxe5 17. Rxe5 Bxe5 18. gxh5 Bxh3 19. Qxd8+ Rxd8 20. Be3 gxh5
21. Rd1 Rxd1+ 22. Bxd1 Bg4 23. Bxg4 hxg4 24. Nd5 Kg7 25. b3 Bd6 26. Kg2 c6 27.
Bf4 cxd5 28. Bxd6 Kg6 29. Kg3 Kg5 30. Bf4+ Kf5 31. Be3 1/2-1/2

[Event "XVII Weekend A"]
[Site "Porto Sant'Elpidio ITA"]
[Date "2014.11.30"]
[Round "5"]
[White "Padovani, Alessio"]
[Black "Skrijely, Edin"]
[WhiteElo "1895"]
[BlackElo "1673"]
[Result "1-0"]
[PlyCount "65"]
[EventDate "2014.11.22"]

1. c4 e5 2. g3 Nc6 3. Bg2 Bc5 4. Nc3 d6 5. d3 Nge7 6. a3 O-O 7. e3 a6 8. b4 Ba7
9. Nf3 Rb8 10. Qa4 Qe8 11. b5 Nd8 12. Qc2 f5 13. O-O Ne6 14. Rb1 a5 15. Nd5 b6
16. Bb2 Bb7 17. Nd2 Qf7 18. Nxe7+ Qxe7 19. Bxb7 Rxb7 20. f4 Rbb8 21. fxe5 Ng5
22. d4 dxe5 23. dxe5 Qe6 24. h4 Nh3+ 25. Kg2 f4 26. Qe4 g5 27. exf4 Rbd8 28.
Rbd1 gxf4 29. gxf4 Qg4+ 30. Kh2 Nxf4 31. Rg1 Qxg1+ 32. Rxg1+ Ng6 33. Rxg6+ 1-0

[Event "XVII Weekend A"]
[Site "Porto Sant'Elpidio ITA"]
[Date "2014.11.30"]
[Round "5"]
[White "Renzetti, Leonardo"]
[Black "Bakiji, Sefer"]
[WhiteElo "2024"]
[BlackElo "1710"]
[Result "1-0"]
[PlyCount "91"]
[EventDate "2014.11.22"]

1. d4 d5 2. c4 Nc6 3. Nf3 Nf6 4. Nc3 e6 5. Bg5 Be7 6. e3 Bd7 7. cxd5 Nxd5 8.
Bxe7 Ncxe7 9. e4 Nxc3 10. bxc3 O-O 11. Rb1 b6 12. Bd3 a6 13. O-O f6 14. c4 Ng6
15. e5 f5 16. d5 Qe7 17. Re1 Nf4 18. Bc2 Qc5 19. Qd2 Ng6 20. Ng5 Rae8 21. Qd1
h6 22. Nf3 Nf4 23. h4 exd5 24. Qd2 Ng6 25. cxd5 Ne7 26. Bb3 Kh8 27. Rbc1 Qa3
28. Rxc7 Ba4 29. Bxa4 Qxa4 30. d6 Nc6 31. Qc3 Nd8 32. e6 Rg8 33. e7 Qxa2 34. d7
Rxe7 35. Rxe7 Qd5 36. Rc8 Qd1+ 37. Kh2 Qd6+ 38. Re5 Qxd7 39. Rc7 Qd6 40. g3 b5
41. Ree7 Ne6 42. Rcd7 Qb6 43. Kg2 b4 44. Qe5 Nc5 45. Rd6 Qb5 46. Rxh6# 1-0

[Event "XVII Weekend A"]
[Site "Porto Sant'Elpidio ITA"]
[Date "2014.11.30"]
[Round "5"]
[White "Rinaudo, Andrea"]
[Black "Guglielmi, Dante"]
[WhiteElo "2058"]
[BlackElo "1907"]
[Result "1-0"]
[PlyCount "87"]
[EventDate "2014.11.22"]

1. e4 c5 2. Nf3 d6 3. Bb5+ Bd7 4. Bxd7+ Nxd7 5. O-O Ngf6 6. Re1 g6 7. c4 Bg7 8.
Nc3 O-O 9. d4 Rc8 10. d5 Ng4 11. h3 Nge5 12. Nxe5 Nxe5 13. Qe2 Qa5 14. Bd2 Qb4
15. b3 Nxc4 16. Qxc4 b5 17. Qd3 c4 18. bxc4 bxc4 19. Qc2 Qa3 20. Rab1 Rb8 21.
Rxb8 Rxb8 22. Rb1 Rxb1+ 23. Nxb1 Qa6 24. Bc3 e6 25. Bxg7 Kxg7 26. Nd2 exd5 27.
exd5 Qa5 28. Nxc4 Qxd5 29. a4 Qc5 30. Qb2+ Kg8 31. Qb5 Qd4 32. Ne3 Kg7 33. a5
Kf6 34. g3 h5 35. h4 Qc5 36. Qa6 Kg7 37. Kg2 d5 38. Qd3 Qxa5 39. Nxd5 Qc5 40.
Qe4 a5 41. Qe5+ f6 42. Qxf6+ Kh7 43. Ne7 Qc2 44. Qf7+ 1-0

[Event "XVII Weekend A"]
[Site "Porto Sant'Elpidio ITA"]
[Date "2014.11.30"]
[Round "5"]
[White "Rinaudo, Sergio"]
[Black "Viviani, Alessio"]
[WhiteElo "2074"]
[BlackElo "2132"]
[Result "0-1"]
[PlyCount "128"]
[EventDate "2014.11.22"]

1. d4 Nf6 2. Nf3 g6 3. Nbd2 Bg7 4. e4 d6 5. Bd3 O-O 6. O-O c5 7. c3 cxd4 8.
cxd4 Nc6 9. a3 a5 10. d5 Nb8 11. Nc4 b5 12. Ncd2 Ba6 13. Qe2 Qb6 14. Nb3 b4 15.
Be3 Bxd3 16. Qxd3 Qa6 17. Qxa6 Nxa6 18. Nfd2 a4 19. Nd4 Ng4 20. Rab1 Nxe3 21.
fxe3 b3 22. Rfc1 Nc5 23. Rc4 Rfc8 24. Kf1 Nd3 25. Ke2 Ne5 26. Rcc1 Kf8 27. N2f3
Ke8 28. Nxe5 Bxe5 29. h3 Bxd4 30. exd4 Kd7 31. Kd3 f6 32. Ra1 g5 33. Rab1 h5
34. g3 Rab8 35. Ra1 Rc2 36. Rxc2 bxc2 37. Kxc2 Rb3 38. Rg1 Kc7 39. Rg2 Kb6 40.
e5 dxe5 41. dxe5 fxe5 42. Re2 Rxg3 43. Rxe5 Kc5 44. h4 gxh4 45. Rxh5 h3 46. Rh7
Rg2+ 47. Kc3 Rg3+ 48. Kc2 Kd4 49. Rh4+ Ke3 50. Rh7 Rg2+ 51. Kc3 h2 52. Rxe7+
Kf2 53. Rh7 Kg1 54. Kb4 Rxb2+ 55. Kxa4 h1=Q 56. Rxh1+ Kxh1 57. d6 Kg2 58. d7
Rb8 59. Ka5 Kf3 60. a4 Ke4 61. Ka6 Kd5 62. a5 Kc6 63. Ka7 Rd8 64. a6 Rxd7+ 0-1

[Event "XVII Weekend A"]
[Site "Porto Sant'Elpidio ITA"]
[Date "2014.11.30"]
[Round "6"]
[White "De Viti, Dario"]
[Black "Beccarini, Giacomo"]
[WhiteElo "1348"]
[BlackElo "1516"]
[Result "1/2-1/2"]
[PlyCount "28"]
[EventDate "2014.11.22"]

1. e4 c5 2. Nc3 Nc6 3. Nf3 e6 4. Bc4 a6 5. a4 Nge7 6. d4 cxd4 7. Nxd4 d5 8.
Nxc6 bxc6 9. exd5 cxd5 10. Bd3 Ng6 11. O-O Bd6 12. Re1 O-O 13. Qh5 Bc5 14. Ne2
e5 1/2-1/2

[Event "XVII Weekend A"]
[Site "Porto Sant'Elpidio ITA"]
[Date "2014.11.30"]
[Round "6"]
[White "Doric, Senad"]
[Black "Rinaudo, Sergio"]
[WhiteElo "1794"]
[BlackElo "2074"]
[Result "0-1"]
[PlyCount "80"]
[EventDate "2014.11.22"]

1. d4 d5 2. c4 dxc4 3. Nc3 e5 4. d5 Nf6 5. Bg5 c6 6. e4 Bb4 7. Bxf6 Qxf6 8.
Bxc4 Qg6 9. Qf3 Bg4 10. Qe3 O-O 11. Nf3 Bxf3 12. Qxf3 Nd7 13. dxc6 bxc6 14. O-O
Bxc3 15. bxc3 Nc5 16. Rfe1 Rfd8 17. Qe3 Qd6 18. g3 a5 19. Red1 Qe7 20. Rab1 g6
21. Kg2 Kg7 22. Qf3 Rxd1 23. Rxd1 Rb8 24. Qe2 a4 25. h4 a3 26. Rd2 Na4 27. Qe3
Rb2 28. Rd1 Qc5 29. Qxc5 Nxc5 30. Rd6 Rxf2+ 31. Kg1 Nxe4 32. Rxc6 Rf3 33. Bd5
Rxg3+ 34. Kh2 Rg4 35. Rc7 Rxh4+ 36. Kg2 Rf4 37. c4 Nc3 38. Ra7 Nxd5 39. cxd5
Rd4 40. Rxa3 Rxd5 0-1

[Event "XVII Weekend A"]
[Site "Porto Sant'Elpidio ITA"]
[Date "2014.11.30"]
[Round "6"]
[White "Foglia, Maurizio"]
[Black "Medorini, Massimiliano"]
[WhiteElo "2071"]
[BlackElo "1890"]
[Result "1-0"]
[PlyCount "47"]
[EventDate "2014.11.22"]

1. Nf3 d5 2. d4 Nc6 3. c4 Bg4 4. cxd5 Bxf3 5. gxf3 Qxd5 6. e3 e5 7. Nc3 Bb4 8.
Bd2 Bxc3 9. bxc3 Nge7 10. Bg2 exd4 11. cxd4 Qg5 12. O-O O-O-O 13. Rb1 f5 14. f4
Qf6 15. Qb3 b6 16. d5 Qf7 17. Rfc1 Rd6 18. Qa4 Qh5 19. dxc6 Rxd2 20. Rd1 Qe2
21. Rxd2 Qxd2 22. Qxa7 Kd8 23. Bf3 Nc8 24. Qb7 1-0

[Event "XVII Weekend A"]
[Site "Porto Sant'Elpidio ITA"]
[Date "2014.11.30"]
[Round "6"]
[White "Guglielmi, Dante"]
[Black "Renzetti, Leonardo"]
[WhiteElo "1907"]
[BlackElo "2024"]
[Result "1-0"]
[PlyCount "119"]
[EventDate "2014.11.22"]

1. c4 Nf6 2. Nc3 g6 3. g3 Bg7 4. Bg2 O-O 5. e3 c6 6. Nge2 d5 7. cxd5 cxd5 8.
O-O Nc6 9. d4 Bf5 10. Qb3 Na5 11. Qd1 Rc8 12. Nf4 e6 13. h3 Nc4 14. g4 Be4 15.
Nxe4 Nxe4 16. Qd3 Ncd6 17. Bd2 Nxd2 18. Qxd2 Nc4 19. Qe2 Qb6 20. Nd3 Rc7 21. b3
Na3 22. Rfc1 Rfc8 23. Qb2 Nc2 24. Rab1 Bf8 25. b4 Nxb4 26. Rxc7 Rxc7 27. Bf1
Nxd3 28. Qxb6 axb6 29. Bxd3 Rc6 30. Bb5 Rc2 31. Bd7 Rc7 32. Ba4 Rc4 33. Bd7 Bb4
34. Bb5 Ba5 35. Bxc4 dxc4 36. Kf1 Kf8 37. Ke2 Ke7 38. a4 Kd6 39. e4 Kc6 40. Rb5
Kc7 41. g5 Bc3 42. Ke3 Be1 43. Rb1 Ba5 44. Rc1 c3 45. Kd3 Kc6 46. Rb1 Kc7 47.
Rb5 Kd6 48. f4 Kc6 49. d5+ Kc7 50. dxe6 fxe6 51. f5 exf5 52. exf5 Kd7 53. f6
Kd6 54. Rb1 Kd7 55. Rf1 Ke8 56. Re1+ Kf8 57. Re7 b5 58. axb5 b6 59. Rxh7 Bb4
60. Rg7 1-0

[Event "XVII Weekend A"]
[Site "Porto Sant'Elpidio ITA"]
[Date "2014.11.30"]
[Round "6"]
[White "Marchetti, Michael"]
[Black "Santinelli, Michele"]
[WhiteElo "1653"]
[BlackElo "1837"]
[Result "0-1"]
[PlyCount "124"]
[EventDate "2014.11.22"]

1. Nf3 d5 2. d4 Nf6 3. e3 Bg4 4. Be2 e6 5. b3 Bb4+ 6. c3 Bd6 7. Nbd2 Nbd7 8.
Bb2 c6 9. c4 Qc7 10. c5 Be7 11. b4 O-O 12. O-O h6 13. a4 a6 14. a5 Bf5 15. Ne5
Ne4 16. f3 Nxd2 17. Qxd2 Nxe5 18. dxe5 Rfd8 19. g4 Bg6 20. Bd3 Bxd3 21. Qxd3
Bf8 22. f4 Qe7 23. Rf3 Qh4 24. Rg3 g6 25. Rf1 Bg7 26. f5 exf5 27. gxf5 g5 28.
f6 Bf8 29. e6 Qxb4 30. exf7+ Kxf7 31. Qh7+ Ke6 32. Qf5+ Kf7 33. Qh7+ Ke6 34.
Bd4 Bxc5 35. f7 Bxd4 36. Qxh6+ Kd7 37. exd4 Qxd4+ 38. Kh1 Qe4+ 39. Kg1 Qd4+ 40.
Kh1 Qe4+ 41. Kg1 Qe7 42. Rxg5 Qe3+ 43. Kg2 Rh8 44. f8=Q Raxf8 45. Qg7+ Qe7 46.
Qxe7+ Kxe7 47. Rg7+ Kd6 48. Rxf8 Rxf8 49. Rxb7 d4 50. Rb3 Kd5 51. h4 c5 52. Rf3
Rxf3 53. Kxf3 c4 54. h5 Ke6 55. Ke4 c3 56. Kd3 Kf6 57. h6 Kg6 58. Kxd4 c2 59.
Kc5 c1=Q+ 60. Kb6 Kxh6 61. Kxa6 Qc7 62. Kb5 Kg6 0-1

[Event "XVII Weekend A"]
[Site "Porto Sant'Elpidio ITA"]
[Date "2014.11.30"]
[Round "6"]
[White "Ricci, Alessio"]
[Black "Padovani, Alessio"]
[WhiteElo "1893"]
[BlackElo "1895"]
[Result "1-0"]
[PlyCount "59"]
[EventDate "2014.11.22"]

1. d4 f5 2. Bf4 Nf6 3. e3 e6 4. c4 d5 5. Nc3 Bd6 6. Nh3 Bxf4 7. Nxf4 O-O 8. Qc2
c6 9. Be2 Qe7 10. cxd5 exd5 11. O-O Ne4 12. Ncxd5 cxd5 13. Nxd5 Qd6 14. Nc7 Be6
15. Nxe6 Re8 16. Nc7 Rc8 17. Qb3+ Kh8 18. Nxa8 Rf8 19. Qxb7 Nd7 20. Rac1 Ndf6
21. Rc6 Qd8 22. Nc7 Qe7 23. Qb5 Qd7 24. Rfc1 f4 25. Ne6 Rg8 26. Nxf4 Re8 27.
Nd3 Qf7 28. Ne5 Qf8 29. Rc7 Rb8 30. Qxb8 1-0

[Event "XVII Weekend A"]
[Site "Porto Sant'Elpidio ITA"]
[Date "2014.11.30"]
[Round "6"]
[White "Rinaudo, Andrea"]
[Black "Di Donatantonio, Franco"]
[WhiteElo "2058"]
[BlackElo "2115"]
[Result "1/2-1/2"]
[PlyCount "70"]
[EventDate "2014.11.22"]

1. e4 d6 2. d4 Nf6 3. Nc3 Nbd7 4. f4 e5 5. Nf3 exd4 6. Qxd4 c6 7. Be3 d5 8.
exd5 Bc5 9. Qd3 O-O 10. O-O-O Qb6 11. Bxc5 Nxc5 12. Qd4 Nxd5 13. Nxd5 cxd5 14.
Ne5 Bf5 15. Kb1 Rac8 16. Nd3 Rfe8 17. Nxc5 Rxc5 18. Bd3 Bxd3 19. Qxd3 Qb4 20.
Rhf1 h6 21. g3 Rb5 22. b3 Re4 23. Rf2 Rc5 24. Re2 f5 25. Rxe4 dxe4 26. Qd4 Qxd4
27. Rxd4 Rc7 28. Rd5 Re7 29. Kc1 g6 30. Kd2 Kf7 31. Rd6 b5 32. c3 Rc7 33. Ra6
Rd7+ 34. Ke2 Rc7 35. Kd2 Rd7+ 1/2-1/2

[Event "XVII Weekend A"]
[Site "Porto Sant'Elpidio ITA"]
[Date "2014.11.30"]
[Round "6"]
[White "Skrijely, Edin"]
[Black "Bakiji, Sefer"]
[WhiteElo "1673"]
[BlackElo "1710"]
[Result "0-1"]
[PlyCount "86"]
[EventDate "2014.11.22"]

1. e4 c5 2. c3 e6 3. d4 cxd4 4. cxd4 d5 5. e5 Nc6 6. Nf3 Nge7 7. Bb5 Bd7 8. O-O
Nxe5 9. Bxd7+ Nxd7 10. Ng5 Ng6 11. Qf3 Nf6 12. Re1 Be7 13. Nc3 O-O 14. g3 Qd7
15. h4 h6 16. h5 Nh8 17. Nh3 Nh7 18. Qg4 f5 19. Qe2 Rf6 20. Nf4 Bd6 21. Nxe6
Re8 22. Nxd5 Rfxe6 23. Ne3 Nf7 24. Bd2 f4 25. Qg4 fxe3 26. Rxe3 Nf6 27. Qg6
Rxe3 28. Bxe3 Qg4 29. Qc2 Bxg3 30. Kf1 Qf3 31. Re1 Ng4 32. Qd2 Nxe3+ 33. Rxe3
Rxe3 34. Qxe3 Qxe3 35. fxe3 Nd6 36. Kg2 Bh4 37. Kf3 Kf7 38. e4 Nb5 39. d5 Bf6
40. a4 Nd6 41. b3 Be5 42. Ke3 Kf6 43. b4 b6 0-1

[Event "XVII Weekend A"]
[Site "Porto Sant'Elpidio ITA"]
[Date "2014.11.30"]
[Round "6"]
[White "Vannicola, Roberto"]
[Black "Nasini, Rodolfo"]
[WhiteElo "1560"]
[BlackElo "1348"]
[Result "0-1"]
[PlyCount "120"]
[EventDate "2014.11.22"]

1. c4 Nf6 2. Nc3 g6 3. g3 Bg7 4. Bg2 O-O 5. e3 d6 6. Nge2 Nc6 7. a3 Qd7 8. O-O
b6 9. b4 Rb8 10. Rb1 Bb7 11. d4 e6 12. Qb3 d5 13. cxd5 exd5 14. Nxd5 Nxd5 15.
Qxd5 Qxd5 16. Bxd5 Nxd4 17. Nxd4 Bxd5 18. Bb2 Be4 19. b5 Bxb1 20. Rxb1 Bxd4 21.
Bxd4 Rfd8 22. Rc1 Rd7 23. Rc4 Ra8 24. Kg2 a6 25. Ra4 Rd5 26. e4 Rxb5 27. Rc4 c5
28. Bf6 Rb3 29. Rc3 Rxc3 30. Bxc3 b5 31. Kf3 Rd8 32. Ke3 c4 33. Bd4 Kf8 34.
Bc5+ Ke8 35. Bb4 Rd7 36. h4 Rd1 37. Ke2 Ra1 38. Ke3 a5 39. Bc5 Rb1 40. Kd4 b4
41. axb4 axb4 42. Kxc4 b3 43. Kb4 Kd7 44. Bd4 Ke6 45. e5 Kf5 46. f3 Rf1 47. f4
Rf3 48. Ka3 Rxg3 49. Kb2 Kxf4 50. Bb6 Kg4 51. Bc7 Rf3 52. Bd8 Kf5 53. Bf6 h6
54. Bg7 g5 55. hxg5 hxg5 56. Bf6 g4 57. Bd8 Kxe5 58. Bc7+ Ke4 59. Bb6 g3 60.
Bc5 g2 0-1

[Event "XVII Weekend A"]
[Site "Porto Sant'Elpidio ITA"]
[Date "2014.11.30"]
[Round "6"]
[White "Viviani, Alessio"]
[Black "Ferri, Stefano"]
[WhiteElo "2132"]
[BlackElo "2190"]
[Result "1/2-1/2"]
[PlyCount "98"]
[EventDate "2014.11.22"]

1. d4 d6 2. c4 e5 3. Nf3 e4 4. Ng5 f5 5. g3 Be7 6. Nh3 c6 7. Bg2 Nf6 8. Nc3 O-O
9. O-O a6 10. d5 Nbd7 11. f3 Ne5 12. Qb3 cxd5 13. cxd5 exf3 14. exf3 b5 15. Re1
Nd3 16. Re2 Nd7 17. Nf4 N7c5 18. Qc2 Nxc1 19. Rxc1 Bg5 20. b4 Bxf4 21. gxf4 Nd7
22. a4 Qb6+ 23. Kh1 bxa4 24. Qxa4 Qd4 25. Qc6 Qxf4 26. Rce1 Rb8 27. Re8 Nf6 28.
Rxf8+ Kxf8 29. Qc7 Ra8 30. Qd8+ Kf7 31. Re7+ Kg6 32. Ne2 Qxb4 33. Qf8 Nh5 34.
Rc7 a5 35. Rxc8 Rxc8 36. Qxc8 a4 37. Qe8+ Kh6 38. Qe6+ g6 39. Qe3+ f4 40. Qc3
Qb5 41. Qd2 a3 42. Nc3 Qb4 43. Bf1 Nf6 44. Qc1 g5 45. Bd3 Qc5 46. h4 Qf2 47.
hxg5+ Kxg5 48. Qg1+ Qxg1+ 49. Kxg1 Nxd5 1/2-1/2

[Event "XVII Weekend U16"]
[Site "Porto Sant'Elpidio ITA"]
[Date "2014.11.30"]
[Round "5"]
[White "Di Sante, Alessandro"]
[Black "Albini, Federico"]
[WhiteElo "1395"]
[BlackElo "1449"]
[Result "1-0"]
[PlyCount "71"]
[EventDate "2014.11.22"]

1. d4 f5 2. Nf3 Nf6 3. e3 d5 4. Bd3 e6 5. c4 c6 6. c5 Be7 7. b4 O-O 8. O-O Ne4
9. Bb2 Nd7 10. Nc3 b6 11. Nd2 Rb8 12. a3 bxc5 13. dxc5 a5 14. f3 Nxd2 15. Qxd2
axb4 16. axb4 Rxb4 17. Nxd5 Rb8 18. Qc3 Bf6 19. Nxf6+ Nxf6 20. Rfd1 Qe7 21. Qe5
Nd7 22. Qc3 Rf7 23. Ra7 Qxc5 24. Bc4 Qxa7 25. Bxe6 Kf8 26. Bxf7 Rxb2 27. Qxb2
Qxe3+ 28. Kh1 Kxf7 29. Qa2+ Qe6 30. Qa8 Ne5 31. Re1 Kf6 32. f4 c5 33. Rxe5 Qb6
34. Re1 Bb7 35. Qf8+ Kg6 36. Qe8+ 1-0

[Event "XXV Weekend A"]
[Site "Robecchetto con Induno ITA"]
[Date "2014.12.26"]
[Round "1"]
[White "Bianchi, Massimiliano"]
[Black "Buzio, Alberto"]
[WhiteElo "1693"]
[BlackElo "1835"]
[Result "0-1"]
[PlyCount "104"]
[EventDate "2014.12.26"]

1. e4 c5 2. Nf3 a6 3. d4 cxd4 4. Nxd4 Nf6 5. Nc3 e5 6. Nde2 Bb4 7. Bd2 O-O 8.
g3 d5 9. exd5 Nxd5 10. Bg2 Nf6 11. O-O Nc6 12. h3 Be6 13. Kh2 Qc7 14. Qe1 Be7
15. Rd1 Rac8 16. f4 Nd4 17. Nxd4 exd4 18. Ne2 Rfd8 19. c3 d3 20. Nc1 Bc5 21.
Nb3 Ba7 22. Be3 b5 23. Rf2 Bc4 24. Nc1 Re8 25. b3 Rxe3 26. Qd2 Bd5 27. Bxd5
Nxd5 28. Nxd3 Rxd3 29. Qxd3 Bxf2 30. Qxd5 g6 31. Rd3 Bb6 32. h4 Qc5 33. Qxc5
Bxc5 34. Kg2 Ba3 35. Kf3 Bb2 36. Rd6 Rxc3+ 37. Kg4 Rc5 38. Rxa6 h5+ 39. Kf3 b4
40. Ra4 Ba3 41. Ra8+ Kg7 42. Re8 Rc3+ 43. Kf2 Rc2+ 44. Re2 Rb2 45. Ke3 Rxe2+
46. Kxe2 Kf6 47. Ke3 Kf5 48. Kf3 f6 49. Ke3 Kg4 50. Kf2 Bc1 51. Kg2 Be3 52. Kh2
Kf3 0-1

[Event "XXV Weekend A"]
[Site "Robecchetto con Induno ITA"]
[Date "2014.12.26"]
[Round "1"]
[White "Biancotti, Alessandro"]
[Black "Bergero, Simone"]
[WhiteElo "1874"]
[BlackElo "1745"]
[Result "1/2-1/2"]
[PlyCount "72"]
[EventDate "2014.12.26"]

1. e4 e5 2. Nf3 d6 3. d4 Nd7 4. Bc4 Be7 5. O-O Ngf6 6. Nc3 O-O 7. Bg5 c6 8. Qe2
b5 9. Bb3 Bb7 10. Rad1 Ne8 11. Bxe7 Qxe7 12. d5 Ndf6 13. dxc6 Bxc6 14. Nd5 Nxd5
15. Bxd5 Bxd5 16. Rxd5 Nc7 17. Rd2 a6 18. Rfd1 Ne6 19. Qe3 Qc7 20. c3 Rfd8 21.
Nh4 g6 22. g3 Qc5 23. Qe2 Rd7 24. Rd5 Qc6 25. Qd2 Rad8 26. f3 Nc7 27. Rd3 d5
28. Ng2 d4 29. cxd4 Rxd4 30. Rxd4 Rxd4 31. Qe2 Ne6 32. Ne3 Rxd1+ 33. Qxd1 Nd4
34. Nd5 Qc5 35. Kg2 Nc2 36. Qd2 Kg7 1/2-1/2